UBT Library

Precalculus : (Record no. 657)

000 -LEADER
fixed length control field 00621nam a22002177a 4500
005 - DATE AND TIME OF LATEST TRANSACTION
control field 20150331061122.0
008 - FIXED-LENGTH DATA ELEMENTS--GENERAL INFORMATION
fixed length control field 010828s2002 at a 001 0 eng
020 ## - INTERNATIONAL STANDARD BOOK NUMBER
International Standard Book Number 0534385419
041 0# - LANGUAGE CODE
Language code of text/sound track or separate title eng
080 ## - UNIVERSAL DECIMAL CLASSIFICATION NUMBER
Universal Decimal Classification number 510.2
100 1# - Rafti
Rafti Stewart, James,
245 10 - TITLE STATEMENT
Title Precalculus :
Statement of responsibility, etc James Stewart, Lothar Redlin, Saleem Watson.
250 ## -
-- 4th ed.
260 ## -
-- Australia ;
-- Pacific Grove, CA :
-- Brooks/Cole,
-- 2002.
300 ## -
-- 1037 f. :
-- me il.;
-- 25 cm
505 ## -
-- Index: f. 1025 - 1037
650 #0 -
-- Matematik
700 1# -
-- Redlin, L.
700 1# -
-- Watson, Saleem.
942 ## - ADDED ENTRY ELEMENTS (KOHA)
Source of classification or shelving scheme
Item type Books
Holdings
Withdrawn status Lost status Source of classification or shelving scheme Damaged status Not for loan Collection code Permanent location Current location Shelving location Date acquired Total Checkouts Full call number Barcode Date last seen Koha item type Price effective from
          Koleksioni i përgjithshem UBT - Lipjan UBT - Lipjan Koleksioni i përgjithshem 03/31/2015   510.2 STE 002-008111 03/31/2015 Books  
          Koleksioni i përgjithshem UBT - Lipjan UBT - Lipjan Koleksioni i përgjithshem 10/01/2015   510.2 STE 002-008110 10/01/2015 Books 10/01/2015
          Koleksioni i përgjithshem UBT - Lipjan UBT - Lipjan Koleksioni i përgjithshem 10/01/2015   510.2 STE 002-008119 10/01/2015 Books 10/01/2015
          Koleksioni i përgjithshem UBT - Lipjan UBT - Lipjan Koleksioni i përgjithshem 10/01/2015   510.2 STE 002-008118 10/01/2015 Books 10/01/2015
          Koleksioni i përgjithshem UBT - Lipjan UBT - Lipjan Koleksioni i përgjithshem 10/01/2015   510.2 STE 002-008117 10/01/2015 Books 10/01/2015
          Koleksioni i përgjithshem UBT - Lipjan UBT - Lipjan Koleksioni i përgjithshem 10/01/2015   510.2 STE 002-008116 08/16/2017 Books 10/01/2015
          Koleksioni i përgjithshem UBT - Lipjan UBT - Lipjan Koleksioni i përgjithshem 10/01/2015   510.2 STE 002-008115 08/16/2017 Books 10/01/2015
          Koleksioni i përgjithshem UBT - Lipjan UBT - Lipjan Koleksioni i përgjithshem 10/01/2015   510.2 STE 002-008124 10/01/2015 Books 10/01/2015
          Koleksioni i përgjithshem UBT - Lipjan UBT - Lipjan Koleksioni i përgjithshem 08/16/2017   510.2 STE 002-2916607 08/16/2017 Books 08/16/2017
          Koleksioni i përgjithshem UBT - Lipjan UBT - Lipjan Koleksioni i përgjithshem 08/16/2017   510.2 STE 002-2916602 08/16/2017 Books 08/16/2017
          Koleksioni i përgjithshem UBT - Lipjan UBT - Lipjan Koleksioni i përgjithshem 08/16/2017   510.2 STE 002-2916597 08/16/2017 Books 08/16/2017
          Koleksioni i përgjithshem UBT - Lipjan UBT - Lipjan Koleksioni i përgjithshem 08/16/2017   510.2 STE 002-2916592 08/16/2017 Books 08/16/2017
          Koleksioni i përgjithshem UBT - Lipjan UBT - Lipjan Koleksioni i përgjithshem 08/16/2017   510.2 STE 002-2916587 08/16/2017 Books 08/16/2017
          Koleksioni i përgjithshem UBT - Lipjan UBT - Lipjan Koleksioni i përgjithshem 08/16/2017   510.2 STE 002-2915628 08/16/2017 Books 08/16/2017
          Koleksioni i përgjithshem UBT - Lipjan UBT - Lipjan Koleksioni i përgjithshem 08/16/2017   510.2 STE 002-296612 08/16/2017 Books 08/16/2017
          Koleksioni i përgjithshem UBT - Lipjan UBT - Lipjan Koleksioni i përgjithshem 08/16/2017   510.2 STE 002-296617 08/16/2017 Books 08/16/2017
          Koleksioni i përgjithshem UBT - Lipjan UBT - Lipjan Koleksioni i përgjithshem 08/16/2017   510.2 STE 002-2916622 08/16/2017 Books 08/16/2017
          Koleksioni i përgjithshem UBT - Lipjan UBT - Lipjan Koleksioni i përgjithshem 08/16/2017   510.2 STE 002-2916627 08/16/2017 Books 08/16/2017
          Koleksioni i përgjithshem UBT - Lipjan UBT - Lipjan Koleksioni i përgjithshem 08/16/2017   510.2 STE 002-2916632 08/16/2017 Books 08/16/2017
          Koleksioni i përgjithshem UBT - Lipjan UBT - Lipjan Koleksioni i përgjithshem 08/16/2017   510.2 STE 002-2916637 08/16/2017 Books 08/16/2017
UBT Library © 2015-2024. All rights reserved University Education for Business and Technology